Sports nutrition handbook : eat smart, be healthy, get on top of your game

Bibliographic Details
Main Author: Mizera, Krzysztof
Other Authors: Mizera, Justyna
Format: Book
Published: Colorado : VeloPress , 2005
Subjects:

MARC

LEADER 00000cam a2200000 7i4500
001 0000242523
005 20200610181435.0
020 |a 9781937715977 
090 0 0 |a 613.711   |b MIZ 
100 1 |a Mizera, Krzysztof 
245 1 0 |a Sports nutrition handbook :   |b eat smart, be healthy, get on top of your game   |c Krzysztof Mizera and Justyna Mizera 
260 |a Colorado :   |b VeloPress ,   |c 2005 
300 |a 223p. ;   |c 20cm. 
650 0 |a Athletes   |x Nutrition 
650 0 |a Physical fitness   |x Nutritional aspects 
650 0 |a Sports   |x Physiological aspects 
700 1 |a Mizera, Justyna 
999 |a 00380761   |b BUKU   |c PINJAMAN   |e PERPUSTAKAAN KOMUNITI CAW BANDAR UTAMA